[Event "FRA-ch Accession"]
[Site "Aix les Bains"]
[Date "2003.08.19"]
[Round "1"]
[White "Minet, Steve"]
[Black "Mevel, Alberic"]
[Result "0-1"]
[WhiteElo "2366"]
[BlackElo "2503"]
[PlyCount "48"]
[EventDate "2003.08.19"]
[EventType "swiss"]
[EventRounds "11"]
[EventCountry "FRA"]
[Source "ChessBase"]
[SourceDate "2003.11.25"]

1. e4 d5 2. exd5 Nf6 3. c4 e6 4. dxe6 Bxe6 5. Nf3 Nc6 6. d4 Bb4+ 7. Bd2 Qe7 8.
Qe2 O-O-O 9. d5 Rhe8 10. Nc3 Bxc3 11. Bxc3 Bxd5 12. O-O-O Qc5 13. b4 Nxb4 14.
Qb2 Bxf3 15. Rxd8+ Rxd8 16. gxf3 Nd3+ 17. Bxd3 Rxd3 18. Rd1 Qxc4 19. Rxd3 Qxd3
20. Bxf6 Qf1+ 21. Kd2 Qxf2+ 22. Kc1 Qg1+ 23. Kc2 Qg6+ 24. Kc1 Qxf6 0-1

[Event "Oberliga Ost-B 9900"]
[Site "Germany"]
[Date "1999.10.10"]
[Round "1.1"]
[White "Kalod, Radek"]
[Black "Vidonyak, Roman"]
[Result "1/2-1/2"]
[WhiteElo "2440"]
[BlackElo "2426"]
[PlyCount "66"]
[EventDate "1999.10.??"]
[EventType "team-tourn"]
[EventRounds "11"]
[EventCountry "GER"]
[Source "ChessBase"]
[SourceDate "2001.11.25"]

1. e4 d5 2. exd5 Nf6 3. c4 e6 4. dxe6 Bxe6 5. Nf3 Nc6 6. d4 Qe7 7. Be3 O-O-O 8.
Nbd2 Bg4 9. Be2 Bxf3 10. Nxf3 Ng4 11. Bc1 Nge5 12. Nxe5 Nxd4 13. Ng4 Nf3+ 14.
gxf3 Rxd1+ 15. Kxd1 Qd7+ 16. Kc2 Qf5+ 17. Kb3 Qe6 18. Ne3 Qb6+ 19. Kc2 g6 20.
Bd2 Bg7 21. Bc3 Bxc3 22. Kxc3 f5 23. Rad1 Re8 24. Bd3 c6 25. b4 Qc7 26. c5 Qf4
27. Nc4 Kc7 28. Rhe1 Rxe1 29. Rxe1 b5 30. Nd6 Kd7 31. Nxb5 cxb5 32. Bxb5+ Kd8
33. Re8+ Kc7 1/2-1/2

[Event "Bonn GSK-2"]
[Site "Bonn"]
[Date "1995.??.??"]
[Round "5"]
[White "Miezis, Normunds"]
[Black "Kveinys, Aloyzas"]
[Result "0-1"]
[WhiteElo "2505"]
[BlackElo "2515"]
[PlyCount "58"]
[EventDate "1995.??.??"]
[EventType "tourn"]
[EventRounds "11"]
[EventCountry "GER"]
[EventCategory "7"]
[Source "ChessBase"]
[SourceDate "1996.11.15"]

1. c4 e6 2. e4 d5 3. exd5 Nf6 4. dxe6 Bxe6 5. Nf3 Qe7 6. Qe2 Nc6 7. d4 O-O-O 8.
d5 Qb4+ 9. Nc3 Bc5 10. Qc2 Ng4 11. Be2 Bxf2+ 12. Kf1 Nd4 13. Nxd4 Bxd4 14. Qe4
Bxc3 15. dxe6 f5 16. Qf3 Bd2 17. Bxd2 Rxd2 18. h3 Ne5 19. Qf2 Re8 20. b3 g6 21.
Qxa7 Rxe6 22. Qe3 Qd6 23. c5 Qd5 24. Re1 Ng4 25. Qxe6+ Qxe6 26. hxg4 fxg4 27.
Rxh7 Qf6+ 28. Kg1 Qd4+ 29. Kh1 Rxe2 0-1

[Event "Doeberl Cup 47th"]
[Site "Canberra"]
[Date "2009.04.10"]
[Round "4"]
[White "Reinderman, Dimitri"]
[Black "Mandla, Blair"]
[Result "1-0"]
[WhiteElo "2560"]
[BlackElo "2156"]
[PlyCount "49"]
[EventDate "2009.04.09"]
[EventType "swiss"]
[EventRounds "9"]
[EventCountry "AUS"]
[Source "ChessBase"]
[SourceDate "2009.05.05"]

1. e4 d5 2. exd5 Nf6 3. c4 e6 4. dxe6 Bxe6 5. Nf3 Nc6 6. d4 Bb4+ 7. Nc3 Qe7 8.
Be3 O-O-O 9. a3 Bc5 10. Qd2 Bg4 11. d5 Bxf3 12. gxf3 Nd4 13. Qd1 Nf5 14. Bh3 g6
15. Qd3 Kb8 16. Bxf5 gxf5 17. O-O-O f4 18. Bxf4 Rhe8 19. Bg5 h6 20. Bxh6 Bxf2
21. Rhf1 Bc5 22. Bg5 Qe5 23. f4 Qd6 24. Qf5 Bxa3 25. Bxf6 1-0

[Event "Amici Sumus-A corr"]
[Site "Argentina"]
[Date "1998.??.??"]
[Round "?"]
[White "Diani, Jose Angel"]
[Black "Ruefenacht, Matthias"]
[Result "1/2-1/2"]
[WhiteElo "2423"]
[BlackElo "2520"]
[PlyCount "65"]
[EventDate "1998.??.??"]
[EventType "tourn (corr)"]
[EventRounds "14"]
[EventCountry "ARG"]
[EventCategory "12"]
[Source "ChessBase"]
[SourceDate "2002.05.23"]

1. e4 d5 2. exd5 Nf6 3. c4 e6 4. dxe6 Bxe6 5. Nf3 Nc6 6. d4 Bb4+ 7. Nc3 Ne4 8.
Bd2 Nxd2 9. Qxd2 Qf6 10. Be2 O-O-O 11. d5 Bg4 12. O-O Rhe8 13. Nd4 Bxe2 14.
Ndxe2 Ne5 15. Qc2 a6 16. b3 Nf3+ 17. gxf3 Qxf3 18. Rac1 Bxc3 19. Qxc3 Qxe2 20.
Rfe1 Qg4+ 21. Qg3 h5 22. a4 a5 23. Qxg4+ hxg4 24. Kg2 Kd7 25. c5 Rxe1 26. Rxe1
b6 27. cxb6 cxb6 28. Re4 f5 29. Re5 g6 30. Re6 Kc7 31. Re5 Kd6 32. Re6+ Kc7 33.
Re5 1/2-1/2

[Event "Yerevan ol (Men)"]
[Site "Yerevan"]
[Date "1996.??.??"]
[Round "11"]
[White "Minasian, Ara"]
[Black "Tu, Hoang Thong"]
[Result "0-1"]
[WhiteElo "2425"]
[BlackElo "2465"]
[PlyCount "42"]
[EventDate "1996.09.15"]
[EventType "team-swiss"]
[EventRounds "14"]
[EventCountry "ARM"]
[Source "ChessBase"]
[SourceDate "1996.11.15"]

1. e4 d5 2. exd5 Nf6 3. c4 e6 4. dxe6 Bxe6 5. Nf3 Qe7 6. Qe2 Nc6 7. d4 O-O-O 8.
d5 Qb4+ 9. Nc3 Bf5 10. Be3 Ne4 11. Rc1 g6 12. a3 Qa5 13. dxc6 Bg7 14. cxb7+ Kb8
15. Nd2 Bxc3 16. bxc3 Nxd2 17. Bxd2 Rhe8 18. Be3 Qxa3 19. Rc2 Be4 20. Bxa7+
Qxa7 21. Ra2 Bc2 0-1

[Event "SLO-chT"]
[Site "Rogaska Slatina"]
[Date "2009.??.??"]
[Round "7"]
[White "Zorko, Jure"]
[Black "Muzychuk, Anna"]
[Result "1-0"]
[WhiteElo "2396"]
[BlackElo "2540"]
[PlyCount "91"]
[EventDate "2009.12.11"]
[EventType "team"]
[EventRounds "9"]
[EventCountry "SLO"]
[Source "ChessBase"]
[SourceDate "2010.01.05"]

1. e4 d5 2. exd5 Nf6 3. d4 Bg4 4. Bb5+ Nbd7 5. Be2 Bxe2 6. Qxe2 Nxd5 7. Nf3 e6
8. O-O Be7 9. c4 N5f6 10. Nc3 O-O 11. Bf4 c6 12. a3 Re8 13. Rfe1 Nf8 14. h3 Ng6
15. Bg3 Bd6 16. Ne5 Qe7 17. h4 Nd7 18. Qg4 Ngf8 19. h5 f6 20. Bh4 Bc7 21. Re3
Nxe5 22. dxe5 Nd7 23. Rae1 f5 24. Bxe7 fxg4 25. Bd6 Bxd6 26. exd6 e5 27. Ne4
Rf8 28. b4 b6 29. c5 Rad8 30. Rc1 bxc5 31. Nxc5 Nxc5 32. bxc5 Rf5 33. Re4 g3
34. fxg3 Rxh5 35. g4 Rg5 36. Ra4 a5 37. Rxa5 Rxg4 38. Ra6 Rd4 39. Rxc6 e4 40.
Rc3 Rf8 41. Rc7 Rd3 42. Rc4 e3 43. Re4 h5 44. d7 h4 45. c6 h3 46. Rc8 1-0

[Event "Oberliga Nord W 1112"]
[Site "Germany"]
[Date "2011.10.23"]
[Round "2.1"]
[White "Warakomski, Tomasz"]
[Black "Bangiev, Alexander"]
[Result "0-1"]
[WhiteElo "2473"]
[BlackElo "2432"]
[PlyCount "112"]
[EventDate "2011.10.02"]
[EventType "team-tourn"]
[EventRounds "9"]
[EventCountry "GER"]
[Source "ChessBase"]
[SourceDate "2012.11.22"]
[WhiteTeam "Delmenhorst"]
[BlackTeam "Hannover"]
[WhiteTeamCountry "GER"]
[BlackTeamCountry "GER"]

1. e4 d5 2. exd5 Nf6 3. d4 Bg4 4. f3 Bf5 5. c4 e6 6. Qb3 exd5 7. Qxb7 dxc4 8.
Nc3 Nbd7 9. Bf4 Bd6 10. Bxd6 cxd6 11. Bxc4 O-O 12. Nge2 Nb6 13. Bb5 a6 14. Bc6
Bc8 15. Qxa8 Nxa8 16. Bxa8 d5 17. Bc6 Qb6 18. Bxd5 Nxd5 19. Nxd5 Qxb2 20. Ne7+
Kh8 21. Kf2 Bd7 22. Nd5 Re8 23. Ndc3 Bb5 24. Rhe1 Bd3 25. Rad1 Qc2 26. d5 g6
27. d6 Bxe2 28. Rc1 Qd2 29. Rxe2 Rxe2+ 30. Nxe2 Qxd6 31. h3 Qb6+ 32. Kf1 Qb2
33. Rc8+ Kg7 34. Nc3 h5 35. Kg1 Qb6+ 36. Kh1 Qe6 37. Rc5 Kh6 38. a4 Kg7 39. Ne4
h4 40. Nc3 Kh6 41. Ne4 f5 42. Nc3 Kg5 43. Nd5 Qe1+ 44. Kh2 Qd2 45. Nc7 Qd6+ 46.
Kh1 Qd1+ 47. Kh2 Qxa4 48. Nd5 Kh6 49. Rc7 Qb5 50. Nf4 Qe5 51. Rc4 Kg5 52. g3
hxg3+ 53. Kxg3 Qe1+ 54. Kg2 Qe8 55. h4+ Kh6 56. Rc2 Qa4 0-1

[Event "EU-Cup 17th"]
[Site "Panormo"]
[Date "2001.09.24"]
[Round "2.3"]
[White "Timoshenko, Georgy"]
[Black "Damaso, Rui"]
[Result "0-1"]
[WhiteElo "2554"]
[BlackElo "2437"]
[PlyCount "44"]
[EventDate "2001.09.22"]
[EventType "team-swiss"]
[EventRounds "7"]
[EventCountry "GRE"]
[Source "ChessBase"]
[SourceDate "2001.10.26"]
[WhiteTeam "Donetsk"]
[BlackTeam "Porto Boavista"]
[WhiteTeamCountry "UKR"]
[BlackTeamCountry "POR"]

1. e4 d5 2. exd5 Nf6 3. d4 Bg4 4. f3 Bf5 5. c4 e6 6. dxe6 Nc6 7. Be3 Bb4+ 8.
Kf2 fxe6 9. g4 Nxg4+ 10. Ke2 Nxe3 11. Kxe3 e5 12. Ne2 exd4+ 13. Kf2 d3 14. Ng3
Qd4+ 15. Kg2 Qxb2+ 16. Nd2 O-O 17. Rb1 Qxa2 18. Nxf5 Rxf5 19. Bxd3 Rg5+ 20. Kh3
Qxd2 21. Qxd2 Bxd2 22. Rxb7 Rd8 0-1

[Event "POR-chT"]
[Site "Porto"]
[Date "2013.08.24"]
[Round "8.2"]
[White "Tiviakov, Sergei"]
[Black "Dias, Paulo"]
[Result "1-0"]
[WhiteElo "2656"]
[BlackElo "2427"]
[PlyCount "53"]
[EventDate "2013.08.18"]
[EventType "team-tourn"]
[EventRounds "9"]
[EventCountry "POR"]
[Source "ChessBase"]
[SourceDate "2013.10.22"]
[WhiteTeam "Gaia"]
[BlackTeam "Diana"]
[WhiteTeamCountry "POR"]
[BlackTeamCountry "POR"]

1. e4 d5 2. exd5 Nf6 3. d4 Bg4 4. f3 Bf5 5. Bb5+ Nbd7 6. c4 a6 7. Ba4 e6 8.
dxe6 Bxe6 9. Nd2 Bb4 10. Qc2 Qe7 11. Ne2 O-O-O 12. O-O Bf5 13. Qxf5 Qxe2 14.
Rf2 Qe1+ 15. Nf1 Bd6 16. Qc2 Nb6 17. c5 Bxh2+ 18. Kxh2 Nxa4 19. b3 Rxd4 20.
bxa4 Rd1 21. Kg1 Rhd8 22. c6 Nh5 23. Qf5+ Kb8 24. Qxh5 Rxc1 25. Qg5 Rdd1 26.
Rxc1 Rxc1 27. Qd8+ 1-0

[Event "Warsaw AIG Life rapid 8th"]
[Site "Warsaw"]
[Date "2008.12.21"]
[Round "12"]
[White "Sulskis, Sarunas"]
[Black "Muzychuk, Anna"]
[Result "0-1"]
[WhiteElo "2572"]
[BlackElo "2508"]
[PlyCount "86"]
[EventDate "2008.12.20"]
[EventType "swiss (rapid)"]
[EventRounds "13"]
[EventCountry "POL"]
[Source "ChessBase"]
[SourceDate "2009.01.08"]

1. e4 d5 2. exd5 Nf6 3. d4 Bg4 4. Bb5+ Nbd7 5. f3 Bf5 6. c4 a6 7. Ba4 b5 8.
cxb5 Nb6 9. Nc3 Nfxd5 10. Nxd5 Qxd5 11. Bb3 Qxb5 12. Ne2 e6 13. O-O Be7 14. d5
Qc5+ 15. Kh1 exd5 16. Nd4 Bd7 17. Be3 Qd6 18. Ne2 c5 19. Rc1 Rc8 20. Bf4 Qc6
21. Re1 O-O 22. Nc3 Be6 23. Qd2 Rfd8 24. Qf2 Bf6 25. Qg3 Bf5 26. Be5 c4 27. Ne2
Bxe5 28. Qxe5 Qe6 29. Qxe6 Bxe6 30. Bd1 d4 31. Nf4 Bf5 32. Re5 Re8 33. Rxe8+
Rxe8 34. Kg1 g5 35. Ne2 d3 36. Nc3 d2 37. Ra1 Re1+ 38. Kf2 Nd7 39. a4 Nc5 40.
Ra2 Nd3+ 41. Kg3 Nb4 42. Ra1 Nc2 43. Ra2 Ne3 0-1

[Event "Manila Pichay Cup 4th"]
[Site "Manila"]
[Date "2008.09.15"]
[Round "3"]
[White "Mallahi, Amir"]
[Black "Laylo, Darwin"]
[Result "0-1"]
[WhiteElo "2393"]
[BlackElo "2504"]
[PlyCount "82"]
[EventDate "2008.09.14"]
[EventType "swiss"]
[EventRounds "9"]
[EventCountry "PHI"]
[Source "ChessBase"]
[SourceDate "2008.11.05"]

1. e4 d5 2. exd5 Nf6 3. d4 Bg4 4. f3 Bf5 5. Bb5+ Nbd7 6. c4 a6 7. Bxd7+ Qxd7 8.
Ne2 e6 9. dxe6 Qxe6 10. b3 O-O-O 11. O-O Bc5 12. Kh1 Rhe8 13. Nbc3 h6 14. Bb2
Qe3 15. Qc1 Bb4 16. Qxe3 Rxe3 17. Kg1 Bd3 18. Rf2 Rde8 19. Ng3 Bxc4 20. bxc4
Bxc3 21. Nf1 Rd3 22. d5 Nd7 23. Bxc3 Rxc3 24. Nd2 Nb6 25. d6 f5 26. dxc7 Kxc7
27. Rd1 Rd8 28. Re1 Nxc4 29. Nxc4 Rxc4 30. Rfe2 Rd7 31. Kf2 b5 32. Kg3 g6 33.
h4 h5 34. Re6 Rd6 35. Re7+ Kb6 36. R1e2 Ka5 37. R7e6 Rcc6 38. R6e5 Rd4 39. Re6
Rdc4 40. Re7 Ka4 41. Ra7 b4 0-1